书目信息 |
| 题名: |
半导体激光器能带结构和光增益的量子理论
|
|
| 作者: | 郭长志 编著 | |
| 分册: | 上册 | |
| 出版信息: | 北京 科学出版社 2016.03 |
|
| 页数: | 479页 | |
| 开本: | 25cm | |
| 丛书名: | 半导体激光器设计理论 | |
| 单 册: | ||
| 中图分类: | TN248.4 | |
| 科图分类: | ||
| 主题词: | 半导体激光器--能带结构--量子论 , 半导体激光器--激光--增益--量子论 | |
| 电子资源: | ||
| ISBN: | 978-7-03-047340-0 | |
| 000 | 01140oam2 2200289 450 | |
| 001 | 0120161818205 | |
| 005 | 20170502093219.62 | |
| 010 | @a978-7-03-047340-0@b精装@dCNY178.00 | |
| 100 | @a20160418d2016 em y0chiy50 ea | |
| 101 | 0 | @achi |
| 102 | @aCN@b110000 | |
| 105 | @aak z 000yy | |
| 106 | @ar | |
| 200 | 1 | @a半导体激光器能带结构和光增益的量子理论@9ban dao ti ji guang qi neng dai jie gou he guang zeng yi de liang zi li lun@h上册@f郭长志编著 |
| 210 | @a北京@c科学出版社@d2016.03 | |
| 215 | @a479页@c图@d25cm | |
| 225 | 2 | @a半导体激光器设计理论@v3 |
| 300 | @a国家科学技术学术著作出版基金资助出版 | |
| 330 | @a本书系统论述激光产生和控制过程的量子性质及其量子理论,共分两章:半导体及其低维结构能带理论;半导体能带之间的跃迁。全书论述既重基础又涉前沿,既重物理概念又重推导编程演算,最后对全量子理论也有简要的介绍。 | |
| 333 | @a科研人员 | |
| 461 | 0 | @12001 @a半导体激光器设计理论@v3 |
| 606 | 0 | @a半导体激光器@x能带结构@x量子论 |
| 606 | 0 | @a半导体激光器@x激光@x增益@x量子论 |
| 690 | @aTN248.4@v5 | |
| 701 | 0 | @a郭长志@9guo chang zhi@4编著 |
| 801 | 0 | @aCN@b人天书店@c20160418 |
| 905 | @b988984-86@dTN248.4@e112:1@f3 | |
| 半导体激光器能带结构和光增益的量子理论.上册/郭长志编著.-北京:科学出版社,2016.03 |
| 479页:图;25cm.-(半导体激光器设计理论;3) |
| 国家科学技术学术著作出版基金资助出版.-使用对象:科研人员 |
| ISBN 978-7-03-047340-0(精装):CNY178.00 |
| 本书系统论述激光产生和控制过程的量子性质及其量子理论,共分两章:半导体及其低维结构能带理论;半导体能带之间的跃迁。全书论述既重基础又涉前沿,既重物理概念又重推导编程演算,最后对全量子理论也有简要的介绍。 |
| ● |
| 相关链接 |
|
|
|
|
正题名:半导体激光器能带结构和光增益的量子理论
索取号:TN248.4/112:1
 
预约/预借
| 序号 | 登录号 | 条形码 | 馆藏地/架位号 | 状态 | 备注 |
| 1 | 988984 | 209889842 | 第二样本阅览室/ [索取号:TN248.4/112:1] | 在馆 | |
| 2 | 988985 | 209889851 | 第三借阅区/ [索取号:TN248.4/112:1] | 在馆 | |
| 3 | 988986 | 209889860 | 密集书库-物理学院/ [索取号:TN248.4/112:1] | 在馆 |